| 000 | 00467nam a22001817a 4500 | ||
|---|---|---|---|
| 008 | 171211b xxu||||| |||| 00| e tur d | ||
| 020 | _a975649124 | ||
| 041 | _atur | ||
| 050 | _aPL217 | ||
| 100 |
_aPala, İskender _9779 |
||
| 245 | _aVe Gazel Yeniden: Şiir Şerhleri | ||
| 250 | _a2.Baskı | ||
| 260 |
_aİstanbul _bL&M Yayınları _cEylül 2002 |
||
| 300 | _a166 Sayfa | ||
| 500 | _a1. Baskı : Ötüken | ||
| 650 | 0 |
_9145 _aTürk Edebiyatı |
|
| 942 |
_2lcc _cBK |
||
| 999 |
_c1699 _d1674 |
||